Karyology, morphology, and ecology of Thomasomys laniger and T. niveipes (<Rodentia>) in Colombia (Registro nro. 9373)

Detalles MARC
000 -CABECERA
Campo de control 006910000a22002050004500
090 ## - CLASIFICACIÓN LOCAL
Colección AR
Consecutivo 00273
041 0# - IDIOMA
Código de idioma para texto/pista de sonido o título separado
100 1# - ASIENTO PRINCIPAL--NOMBRE PERSONAL
Nombre personal Gómez Laverde, Marcela
245 10 - MENCION DE TITULO
Título Karyology, morphology, and ecology of Thomasomys laniger and T. niveipes (<Rodentia>) in Colombia
650 14 - ASIENTO SECUNDARIO DE MATERIA - TERMINO TEMATICO
Término temático o nombre geográfico como elemento de entrada Fauna
650 14 - ASIENTO SECUNDARIO DE MATERIA - TERMINO TEMATICO
Término temático o nombre geográfico como elemento de entrada Mamíferos
650 14 - ASIENTO SECUNDARIO DE MATERIA - TERMINO TEMATICO
Término temático o nombre geográfico como elemento de entrada Cariología
650 14 - ASIENTO SECUNDARIO DE MATERIA - TERMINO TEMATICO
Término temático o nombre geográfico como elemento de entrada Morfología
650 14 - ASIENTO SECUNDARIO DE MATERIA - TERMINO TEMATICO
Término temático o nombre geográfico como elemento de entrada Ecología
651 #4 - ASIENTO SECUNDARIO DE MATERIA - NOMBRE GEOGRAFICO
-- Reserva biológica Carpanta
-- Cundinamarca
-- Colombia
653 ## - TERMINO DE INDIZACION - NO CONTROLADO
-- Thomasomis
-- Thomasomys laniger
653 ## - TERMINO DE INDIZACION - NO CONTROLADO
-- Thomasonys
-- Thomasomys niveipes
773 1# - Item fuente:
Título Journal of Mammalogy
Especificación de materiales 106
Descripción física 4
Paginas del Articulo 1282-1289
Lugar, editorial y fecha de publicación 1997
Información sobre la relación 78
942 ## - ELEMENTOS ADICIONALES (KOHA)
Tipo de ítem Artículo
Existencias
Withdrawn status Lost status Damaged status No para préstamo Colección Ubicación Permanente Ubicación actual Fecha de adquisición Fuente de Valor Datos de publicación Seriada Total Checkouts Número topográfico Inventario / Código de Barras Date last seen Ejemplar Price effective from Forma de adquisición Tipo de material
      No para Préstamo Hemeroteca Bogotá Bogotá 01/08/2005 CID Humboldt Fuera de circulación   AR 00273 010519 25/03/2015 1 25/03/2015   Artículo
      No para Préstamo Hemeroteca Bogotá Bogotá 27/02/2015 CID Humboldt Fuera de circulación   AR 00273 010520 25/03/2015 2 25/03/2015   Artículo
      No para Préstamo Hemeroteca Bogotá Bogotá 27/02/2015 Gómez Laverde, Marcela Fuera de circulación   AR 00273 019582 25/03/2015 3 25/03/2015   Artículo